00307 a2200109 4500020001500000082001800015100001800033245005900051260003200110300003200142650002300174 a9812430458 a624.15136 WIN aWin, Bo Myint aReclamation and Ground Improvement/cM. W. Bo, V. Choa aAustralia :bThomson,c2004 axiv, 411p. :bill. ;c25 cm aGround Improvement